| 000 | 00768nam a22001937a 4500 | ||
|---|---|---|---|
| 999 |
_c57586 _d57586 |
||
| 003 | Ge_BSU | ||
| 005 | 20200807143425.0 | ||
| 008 | 200807s2019 ge ||||| |||| 00| 0 geo d | ||
| 020 | _a779789941818165 | ||
| 041 | _ageo | ||
| 080 | _a821.353.1-1 დ-15 | ||
| 100 |
_aდავითაძე, მიხეილ _99133 |
||
| 245 |
_aლოგინის ქალი : _bლექსები, ნოველები, წერილები / _cმიხეილ დავითაძე; [რედ. ო. ცინარიძე]. |
||
| 300 |
_a412 გვ. _bილ. _c21 სმ. |
||
| 653 | _aლექსები | ||
| 653 | _aნოველები | ||
| 700 |
_aცინარიძე, ო. _eრედაქტორი _99134 |
||
| 942 |
_2udc _cBK |
||